<?xml version="1.0" encoding="UTF-8"?><?xml-stylesheet type="text/xsl" href="static/style.xsl"?><OAI-PMH xmlns="http://www.openarchives.org/OAI/2.0/" xmlns:xsi="http://www.w3.org/2001/XMLSchema-instance" xsi:schemaLocation="http://www.openarchives.org/OAI/2.0/ http://www.openarchives.org/OAI/2.0/OAI-PMH.xsd"><responseDate>2026-04-17T21:39:15Z</responseDate><request verb="GetRecord" identifier="oai:www.recercat.cat:20.500.12327/2126" metadataPrefix="marc">https://recercat.cat/oai/request</request><GetRecord><record><header><identifier>oai:recercat.cat:20.500.12327/2126</identifier><datestamp>2025-10-22T11:21:33Z</datestamp><setSpec>com_2072_4428</setSpec><setSpec>com_2072_4427</setSpec><setSpec>col_2072_487898</setSpec></header><metadata><record xmlns="http://www.loc.gov/MARC21/slim" xmlns:dcterms="http://purl.org/dc/terms/" xmlns:xsi="http://www.w3.org/2001/XMLSchema-instance" xmlns:doc="http://www.lyncode.com/xoai" xsi:schemaLocation="http://www.loc.gov/MARC21/slim http://www.loc.gov/standards/marcxml/schema/MARC21slim.xsd">
   <leader>00925njm 22002777a 4500</leader>
   <datafield ind2=" " ind1=" " tag="042">
      <subfield code="a">dc</subfield>
   </datafield>
   <datafield ind2=" " ind1=" " tag="720">
      <subfield code="a">Cruz, Danny Julio</subfield>
      <subfield code="e">author</subfield>
   </datafield>
   <datafield ind2=" " ind1=" " tag="720">
      <subfield code="a">Passuni Huayta, Jorge</subfield>
      <subfield code="e">author</subfield>
   </datafield>
   <datafield ind2=" " ind1=" " tag="720">
      <subfield code="a">Corredor, Flor-Anita</subfield>
      <subfield code="e">author</subfield>
   </datafield>
   <datafield ind2=" " ind1=" " tag="720">
      <subfield code="a">Pascual, Mariam</subfield>
      <subfield code="e">author</subfield>
   </datafield>
   <datafield ind2=" " ind1=" " tag="260">
      <subfield code="c">2022-06-29</subfield>
   </datafield>
   <datafield ind2=" " ind1=" " tag="520">
      <subfield code="a">El objetivo del estudio fue estimar los componentes de varianzas, la heredabilidad y correlaciones genéticas y fenotípicas de los rasgos productivos de las líneas de cuyes Saños y Mantaro, desarrolladas en la Estación Experimental Agraria Santa Ana, Junín (Perú). Se calculó además la consanguinidad de las dos líneas. Se analizaron los registros desde 2017 a 2020. Se evaluaron los rasgos productivos de peso al nacimiento (PN), al destete (PD), a la semana 4 (P4), semana 8 (P8) y semana 13 (P13) de 1622 y 1874 cuyes de la línea Saños y Mantaro, respectivamente. La estimación de los componentes de varianza se realizó mediante modelos unicaracter, mientras que la estimación de las correlaciones genéticas y fenotípicas se dio mediante modelos bivariados. Los efectos fijos considerados en el modelo fueron el sexo (S), total de nacidos (TN), número de parto (NP) y temporada de parto de la madre (Tp). El efecto animal y camada constituyeron los componentes aleatorios dentro del modelo. Para PN y PD, se incluyó también como componente aleatorio el efecto materno. La consanguinidad media poblacional fue 0.67 y 0.18% para la línea Saños y Mantaro, respectivamente. Las heredabilidades de los rasgos productivos fueron 0.16 ± 0.02 y 0.13 ± 0.03 para PN, 0.18 ± 0.03 y 0.20 ± 0.05 para PD, 0.18 ± 0.04 y 0.14 ± 0.04 para P4, 0.13 ± 0.03 y 0.14 ± 0.03 para P8 y, 0.13 ± 0.03 y 0.12 ± 0.03 para P13 para las líneas Saños y Mantaro, respectivamente. La heredabilidad materna para el PN y PD en ambas líneas resultaron menores a 0.10. Las correlaciones genéticas para las líneas Saños y Mantaro fueron 0.53 ± 0.02 y 0.93 ± 0.06 para PN y PD, 0.85 ± 0.03 y 0.94 ± 0.05 para PD y P4, 0.84 ± 0.03 y 0.74 ± 0.05 para P4 y P8 y, 0.83 ± 0.05 y 0.75 ± 0.05 para P8 y P13. El ratio de la varianza debida a la camada con respecto a la varianza fenotípica varió desde 49% hasta 64%, siendo mayor la contribución en el PD de ambas líneas. Tanto las heredabilidades como la ratio de la varianza debida a la camada con respecto a la varianza fenotípica resultaron similares entre ambas líneas de cuyes.</subfield>
   </datafield>
   <datafield ind1="8" ind2=" " tag="024">
      <subfield code="a">Julio Cruz, Danny, Jorge Passuni Huayta, Flor-Anita Corredor, and Mariam Pascual. 2022. "Parámetros Genéticos De Rasgos Productivos De Cuyes (Cavia Porcellus) De Las Líneas Saños Y Mantaro". Revista De Investigaciones Veterinarias Del Perú 33 (3): e22902. doi:10.15381/rivep.v33i3.22902.</subfield>
   </datafield>
   <datafield ind1="8" ind2=" " tag="024">
      <subfield code="a">1609-9117</subfield>
   </datafield>
   <datafield ind1="8" ind2=" " tag="024">
      <subfield code="a">http://hdl.handle.net/20.500.12327/2126</subfield>
   </datafield>
   <datafield ind1="8" ind2=" " tag="024">
      <subfield code="a">https://doi.org/10.15381/rivep.v33i3.22902</subfield>
   </datafield>
   <datafield ind2="0" ind1="0" tag="245">
      <subfield code="a">Parámetros genéticos de rasgos productivos de cuyes (Cavia porcellus) de las líneas Saños y Mantaro</subfield>
   </datafield>
</record></metadata></record></GetRecord></OAI-PMH>